00713nam a2200229Ia 4500003000400000005001700004008004000021020001800061040000700079082001300086100002900099245003500128250000600163260005400169300001400223650002100237690002100258906001100279942001200290999001900302952016200321OSt20250703143908.0210210b1984 xxu||||| |||| 00| 0 eng d a0 7641 0110 2 cAL a516 LEFG aLawrence S Lefff9210556 aGeometry b: the easy way Ed 3 a3 aNewYorkbBarron''s Educational series Inc.,c1984 avii,375p. aGeometry9210557 aGeometry9210557 a061550 2ddccBK c108346d108346 00102ddc40708MATaALbALcSKd2021-02-17eIntel Book Distributors Pvt Ltd, Bangalore-50g736.00l0o516 LEFGp061550r2021-02-17 00:00:00w2021-02-17yBK